Guess The Song Title Based On The Hint #2 - Statistics

General Stats
  • This quiz has been taken 32 times
    23 since last reset
  • The average score is 8 of 15
Answer Stats
Hint Song Artist % Correct
Adult humans have 206 of these Bones Imagine Dragons
95%
Mythical creature that feeds on blood vampire Olivia Rodrigo
95%
The day before today Yesterday The Beatles
95%
The colours of a bee Black and Yellow Wiz Khalifa
89%
Someone who doesn't succeed and consistently fails Loser Beck
74%
flat, even, not rough Smooth Santana, Rob Thomas
74%
Quentin Tarantino movie starring Uma Thurman Kill Bill SZA
63%
Region of space with a gravitational field so strong nothing can escape + the star at the center of our solar system Black Hole Sun Soundgarden
53%
Another way to say "unintelligent woman" Stupid Girl Garbage
47%
To move slowly while close to the ground, an unpleasant or weird person Creep Radiohead
42%
Selfish desire for more wealth and/or power Greedy Tate McRae
32%
Series of horror novels written by R.L. Stine goosebumps Travis Scott
26%
Famous American country singer from Louisiana known for "Humble And Kind" Tim McGraw Taylor Swift
21%
Too shy or embarrassed to speak Tongue Tied GROUPLOVE
16%
A small town located in the city of Kawartha Lakes in Ontario, Canada Bobcaygeon The Tragically Hip
5%
No matching quizzes found
Score Distribution
Percent of People with Each Score
Percentile by Number Answered
Your Score History
You have not taken this quiz since the last reset